[Event "Stay Safe Play From Home 165"]
[Site "T#646231Emanuel Laske"]
[Date "2020.05.21"]
[Round "1"]
[White "Shahildey"]
[Black "Lucknow"]
[Result "1-0"]
[WhiteElo "2101"]
[BlackElo "1727"]
[Annotator "TA"]
[PlyCount "54"]
[EventDate "2020.05.21"]
[EventType "swiss (blitz)"]

{[%evp 15,54,19,23,3,28,18,43,39,70,48,79,-6,57,12,8,-107,76,79,83,61,126,137,160,156,147,110,371,362,303,206,1797,702,975,966,975,973,928,927,897,899,1092]} 1. e4 c5 2. Nc3 d6 3. g3 Nf6 4. Bg2 g6 5. d3 Bg7 6. h3 O-O 7. Nge2 Nc6 {[%cal Bb8c6,Bc6d4,Bd4e2][%mdl 32]} 8. O-O Nd4 9. Be3 {B25: Closed Sicilian: 3 g3, lines without early Be3.} Nxe2+ {[#]} (9... Ne8 {feels hotter.} 10. Bd2 Nc7 11. f4 b5 12. a3 Bb7) 10. Qxe2 $146 ({Predecessor:} 10. Nxe2 Rb8 11. Qd2 Re8 12. f4 e6 13. d4 cxd4 14. Nxd4 a6 15. Rfd1 Qc7 16. Nb3 Rd8 {0-1 (43) Dawson,E (1806)-Flynn,J (1994) Dublin 2019}) 10... a6 11. f4 {White is slightly better.} Qc7 12. g4 Rb8 13. g5 (13. Qf2 $16) 13... Nd7 (13... Nh5 $11) 14. Nd5 {[%cal Bc3d5,Bd5f4,Bf4h5,Bh5f6][%mdl 32]} Qd8 15. c3 (15. Bc1 $11 {remains equal.}) 15... b5 $2 (15... e6 $17 {and life is bright.} 16. Nf6+ Nxf6 17. gxf6 Bxf6) 16. f5 $36 {[%mdl 2048] [#] Strongly threatening f6! White is in control.} Bb7 17. Nf4 Ne5 (17... b4 $14) 18. h4 gxf5 19. exf5 Bxg2 20. Qxg2 ({But not} 20. Kxg2 $6 Qd7 $14) 20... c4 $2 {[%mdl 8192] This move loses the game for Black.} (20... Kh8 $16) 21. d4 $18 Nd3 22. Nh5 {aiming for f6.} Qd7 $2 {[#]} (22... e6 23. g6 fxg6) 23. f6 (23. Nf6+ $142 $1 {[%mdl 512]} Kh8 (23... exf6 24. gxf6) 24. Nxd7) 23... Bh8 24. fxe7 Qxe7 25. Nf6+ Kg7 26. Rf3 Rg8 27. Raf1 Kf8 {Accuracy: White = 53%, Black = 24%.} 1-0

[Event "Stay Safe Play From Home 165"]
[Site "T#646231Emanuel Laske"]
[Date "2020.05.21"]
[Round "1"]
[White "Sfantul321"]
[Black "Alin1001"]
[Result "0-1"]
[WhiteElo "2074"]
[BlackElo "1979"]
[Annotator "NA"]
[PlyCount "36"]
[EventDate "2020.05.21"]
[EventType "swiss (blitz)"]

1. c4 {[%emt 0:00:06]} c6 {[%emt 0:00:02]} 2. Nc3 {[%emt 0:00:02]} d5 {[%emt 0:00:01]} 3. d4 {[%emt 0:00:01]} e5 {[%emt 0:00:01]} 4. cxd5 {[%emt 0:00:01]} cxd5 {[%emt 0:00:01]} 5. dxe5 {[%emt 0:00:02]} d4 {[%emt 0:00:01]} 6. Ne4 {[%emt 0:00:01]} Qa5+ {[%emt 0:00:02]} 7. Nd2 {[%emt 0:00:03]} Nh6 {[%emt 0:00:04]} 8. Ngf3 {[%emt 0:00:01]} Nf5 {[%emt 0:00:01]} 9. a3 {[%emt 0:00:02]} Ne3 {[%emt 0:00:08]} 10. Qb3 {[%emt 0:00:04]} Bc5 {[%emt 0:00:18]} 11. Qd3 {[%emt 0:00:10]} Bf5 {[%emt 0:00:11]} 12. Qb3 {[%emt 0:00:10]} Nc2+ {[%emt 0:00:10]} 13. Kd1 {[%emt 0:00:02]} Nxa1 {[%emt 0:00:01]} 14. Qxb7 {[%emt 0:00:06]} O-O {[%emt 0:00:03]} 15. b4 {[%emt 0:00:03]} Qa4+ {[%emt 0:00:03]} 16. Ke1 {[%emt 0:00:02]} Nc2+ {[%emt 0:00:02]} 17. Kd1 {[%emt 0:00:01]} Ne3+ {[%emt 0:00:02]} 18. Ke1 {[%emt 0:00:02]} Qd1# {[%emt 0:00:01] (Lag: Av=0.30s, max=0.4s)} 0-1

[Event "Stay Safe Play From Home 165"]
[Site "T#646231Emanuel Laske"]
[Date "2020.05.21"]
[Round "1"]
[White "Gavi"]
[Black "Grizzzly"]
[Result "1-0"]
[WhiteElo "2039"]
[BlackElo "1659"]
[Annotator "TA"]
[PlyCount "69"]
[EventDate "2020.05.21"]
[EventType "swiss (blitz)"]

{[%evp 19,69,-8,-8,-16,29,17,45,43,57,60,87,92,101,88,95,64,158,50,77,36,94,-35,-25,-58,-21,-19,0,-31,-2,-120,-8,-94,-52,-50,-50,-43,-47,-48,-43,-33,16,16,16,14,388,404,557,544,580,381,29998,29999]} 1. Nf3 d5 2. d4 e6 3. c4 Nf6 4. Nc3 Nbd7 5. Bg5 c6 6. e3 Qa5 7. Qc2 Bb4 8. Bxf6 Nxf6 9. cxd5 exd5 10. Bd3 O-O 11. O-O {D52: Queen's Gambit Declined: Cambridge Springs Variation.} (11. Ne5 {looks sharper.} g6 12. O-O Nh5 13. h3 Bd6 14. Rac1) 11... Bxc3 12. bxc3 Re8 13. c4 {White is slightly better.} Bg4 14. Ne5 {[#]} Be6 $146 ({Predecessor:} 14... h6 15. Rab1 Bc8 16. cxd5 Nxd5 17. Bc4 Rf8 18. e4 Nf6 19. Qb3 Qc7 20. f3 b6 {1-0 (68) Nevska,G-Borosova,Z Mureck 1998}) 15. c5 Qc7 16. Rab1 Ne4 17. a3 Bd7 (17... g6 $14) 18. Qb2 (18. Bxe4 $16 dxe4 19. Nc4) 18... Rab8 19. Qb4 b6 ({Black should try} 19... b5 $14) 20. Rbc1 (20. Bxe4 $16 {And now Bd3 would win.} dxe4 21. cxb6 Rxb6 22. Qc5) 20... bxc5 21. Qa4 cxd4 22. exd4 Rb6 23. Rfe1 f6 24. Nf3 (24. Nxd7 $11 {remains equal.} Qxd7 25. h3) 24... Nd6 (24... Rb2 $17 25. Bxe4 Rxe4 26. Rxe4 dxe4 27. Qc4+ Kh8) 25. Qa5 (25. Qc2 $1 $11) 25... Rb7 26. Qc5 Ne4 27. Bxe4 Rxe4 28. Rxe4 dxe4 29. Nd2 Qb6 (29... Qf4 $5 {[%cal Rf4d2]} 30. Qc4+ Kh8 $15) 30. Qc4+ Kh8 31. Nxe4 {[#] Threatens to win with Nc5.} Qb2 $2 {[%mdl 8192] Loses the game.} (31... Rb8 $11) 32. Nc5 $18 Rb8 33. Nxd7 Rd8 34. Qxc6 Rxd7 $2 {[#]} (34... h6 $18 35. Rf1 Qxd4) 35. Qc8+ {Accuracy: White = 44%, Black = 22%.} 1-0

[Event "Stay Safe Play From Home 165"]
[Site "T#646231Emanuel Laske"]
[Date "2020.05.21"]
[Round "1"]
[White "Isak Kelmendi"]
[Black "Lazieri3"]
[Result "1-0"]
[WhiteElo "1791"]
[BlackElo "2054"]
[Annotator "TA"]
[PlyCount "31"]
[EventDate "2020.05.21"]
[EventType "swiss (blitz)"]

{[%evp 1,1,19]} 1. e4 {A rather calm draw.} {Predecessor:} e5 2. Nf3 Nc6 3. Bc4 Bc5 4. O-O Nf6 5. d3 d6 6. c3 {C54: Giuoco Piano: 4 c3 Nf6, main lines with 5 d4 and 5 d3.} h6 7. Re1 O-O 8. h3 Re8 9. Nbd2 a6 10. a4 Be6 11. Bxe6 Rxe6 12. b4 Ba7 13. Qc2 Qd7 14. Nf1 d5 15. Be3 Bxe3 16. Nxe3 {1-0 (33) Ding,L (2791)-Carlsen,M (2863) chess24.com INT 2020} 1-0

[Event "Stay Safe Play From Home 165"]
[Site "T#646231Emanuel Laske"]
[Date "2020.05.21"]
[Round "1"]
[White "Aktürk"]
[Black "Dukic"]
[Result "0-1"]
[WhiteElo "1466"]
[BlackElo "1862"]
[Annotator "NA"]
[PlyCount "68"]
[EventDate "2020.05.21"]
[EventType "swiss (blitz)"]

1. e3 {[%emt 0:00:03]} c6 {[%emt 0:00:08]} 2. Qf3 {[%emt 0:00:01]} d6 {[%emt 0:00:03]} 3. Nc3 {[%emt 0:00:03]} Nf6 {[%emt 0:00:01]} 4. b3 {[%emt 0:00:01]} Nbd7 {[%emt 0:00:01]} 5. h3 {[%emt 0:00:02]} g6 {[%emt 0:00:05]} 6. Bb2 {[%emt 0:00:01]} Bg7 {[%emt 0:00:01]} 7. Bc4 {[%emt 0:00:04]} O-O {[%emt 0:00:01]} 8. Be2 {[%emt 0:00:06]} e5 {[%emt 0:00:04]} 9. g4 {[%emt 0:00:03]} d5 {[%emt 0:00:04]} 10. Qg2 {[%emt 0:00:08]} Re8 {[%emt 0:00:07]} 11. g5 {[%emt 0:00:02]} Nh5 {[%emt 0:00:29]} 12. Bxh5 {[%emt 0:00:03]} gxh5 {[%emt 0:00:02]} 13. h4 {[%emt 0:00:03]} e4 {[%emt 0:00:07]} 14. Nge2 {[%emt 0:00:05]} Ne5 {[%emt 0:00:02]} 15. Nf4 {[%emt 0:00:13]} Bg4 {[%emt 0:00:04]} 16. Nce2 {[%emt 0:00:02]} Nf3+ {[%emt 0:00:02]} 17. Kd1 {[%emt 0:00:06]} Bxb2 {[%emt 0:00:01]} 18. Rb1 {[%emt 0:00:04]} Bg7 {[%emt 0:00:08]} 19. Ng3 {[%emt 0:00:01]} Qa5 {[%emt 0:00:08]} 20. c3 {[%emt 0:00:08]} Nxh4+ {[%emt 0:00:04]} 21. Kc2 {[%emt 0:00:27]} Nxg2 {[%emt 0:00:03]} 22. Nxg2 {[%emt 0:00:02]} Qxa2+ {[%emt 0:00:07]} 23. Rb2 {[%emt 0:00:02]} Qa5 {[%emt 0:00:03]} 24. Nf4 {[%emt 0:00:03]} Be5 {[%emt 0:00:05]} 25. Ngxh5 {[%emt 0:00:07]} Rad8 {[%emt 0:00:10]} 26. Rg1 {[%emt 0:00:05]} Bf5 {[%emt 0:00:03]} 27. Ne2 {[%emt 0:00:08]} c5 {[%emt 0:00:02]} 28. Nhg3 {[%emt 0:00:06]} Bg6 {[%emt 0:00:02]} 29. Rgb1 {[%emt 0:00:09]} d4 {[%emt 0:00:02]} 30. exd4 {[%emt 0:00:03]} cxd4 {[%emt 0:00:01]} 31. b4 {[%emt 0:00:07]} Qa4+ {[%emt 0:00:02]} 32. Kc1 {[%emt 0:00:04]} e3 {[%emt 0:00:04]} 33. cxd4 {[%emt 0:00:14]} Rxd4 {[%emt 0:00:14]} 34. dxe3 {[%emt 0:00:02]} Rc8+ {[%emt 0:00:04] Zaman (Lag: Av=0.35s, max=0.6s)} 0-1

[Event "Stay Safe Play From Home 165"]
[Site "T#646231Emanuel Laske"]
[Date "2020.05.21"]
[Round "1"]
[White "W Nelles"]
[Black "Matanant"]
[Result "0-1"]
[WhiteElo "1215"]
[BlackElo "1809"]
[Annotator "NA"]
[PlyCount "54"]
[EventDate "2020.05.21"]
[EventType "swiss (blitz)"]

1. e4 {[%emt 0:00:01]} e5 {[%emt 0:00:07]} 2. Nf3 {[%emt 0:00:01]} d5 {[%emt 0:00:02]} 3. d3 {[%emt 0:00:02]} dxe4 {[%emt 0:00:02]} 4. dxe4 {[%emt 0:00:01]} Qxd1+ {[%emt 0:00:02]} 5. Kxd1 {[%emt 0:00:01]} f6 {[%emt 0:00:02]} 6. Nc3 {[%emt 0:00:02]} c6 {[%emt 0:00:03]} 7. Bd2 {[%emt 0:00:03]} Bg4 {[%emt 0:00:02]} 8. Be2 {[%emt 0:00:01]} Nd7 {[%emt 0:00:05]} 9. h3 {[%emt 0:00:04]} Bh5 {[%emt 0:00:02]} 10. g4 {[%emt 0:00:02]} Bf7 {[%emt 0:00:01]} 11. b3 {[%emt 0:00:05]} Bc5 {[%emt 0:00:02]} 12. Be3 {[%emt 0:00:02]} Bxe3 {[%emt 0:00:02]} 13. fxe3 {[%emt 0:00:01]} Ne7 {[%emt 0:00:00]} 14. Bc4 {[%emt 0:00:02]} Bxc4 {[%emt 0:00:03]} 15. bxc4 {[%emt 0:00:01]} Nc8 {[%emt 0:00:03]} 16. Ke2 {[%emt 0:00:01]} Ncb6 {[%emt 0:00:02]} 17. Nd2 {[%emt 0:00:05]} O-O-O {[%emt 0:00:04]} 18. Rhd1 {[%emt 0:00:02]} Nc5 {[%emt 0:00:02]} 19. Rab1 {[%emt 0:00:05]} h5 {[%emt 0:00:02]} 20. Kf3 {[%emt 0:00:07]} hxg4+ {[%emt 0:00:02]} 21. Kxg4 {[%emt 0:00:02]} Rh6 {[%emt 0:00:05]} 22. h4 {[%emt 0:00:04]} Rdh8 {[%emt 0:00:02]} 23. Nf3 {[%emt 0:00:03]} Nxc4 {[%emt 0:00:04]} 24. Re1 {[%emt 0:00:14]} b5 {[%emt 0:00:09]} 25. Nd1 {[%emt 0:00:09]} Nxe4 {[%emt 0:00:03]} 26. Kf5 {[%emt 0:00:07]} Ncd6+ {[%emt 0:00:06]} 27. Ke6 {[%emt 0:00:06]} Re8# {[%emt 0:00:05] (Lag: Av=0.75s, max=1.1s)} 0-1

[Event "Stay Safe Play From Home 165"]
[Site "T#646231Emanuel Laske"]
[Date "2020.05.21"]
[Round "2"]
[White "Gavi"]
[Black "Isak Kelmendi"]
[Result "1-0"]
[WhiteElo "2042"]
[BlackElo "1791"]
[Annotator "TA"]
[PlyCount "115"]
[EventDate "2020.05.21"]
[EventType "swiss (blitz)"]

{[%evp 15,115,15,13,-5,90,128,155,0,16,18,50,16,59,63,61,7,77,40,135,93,122,31,142,147,167,76,121,35,90,75,85,85,126,62,183,187,179,149,165,173,162,146,178,103,876,880,925,921,1195,1116,1971,1925,5577,2038,2033,1734,1805,1783,29995,29990,29986,2363,29987,2164,2141,1978,29985,29986,29988,5537,29990,29987,29987,29988,29991,29990,29990,29991,29992,29991,29996,29991,29991,29990,29990,29987,29993,29994,29995,29996,29996,29996,29997,29998,29998,29997,29998,29996,29996,29996,29998,29996]} 1. Nf3 Nf6 2. d4 d5 3. c4 c6 4. Nc3 dxc4 5. a4 Bf5 6. Ne5 e6 7. Nxc4 Bb4 8. f3 O-O 9. Bg5 {9.Kf2 is more fashionable. Played by Liren Ding in March 2020. D17: Slav Defence: 5 a4 Bf5: Lines with 6 Nh4 and 6 Ne5.} Nbd7 (9... c5 $11 10. dxc5 h6) 10. e4 $16 Bg6 {[#]} 11. Bd3 $146 (11. e5 $1 $16) ({Predecessor:} 11. e5 Bxc3+ 12. bxc3 b5 13. Nd2 Qb8 14. exf6 gxf6 15. Bh6 Re8 16. axb5 cxb5 17. Ra5 a6 {1-0 (28) Bauer,G (1000)-Raymond,D (986) IECC email 2003}) 11... Qc7 12. O-O Rfe8 13. Rc1 Rac8 14. Qb3 $36 {[%mdl 2048] White is more active.} a5 15. Rfd1 ({White should play} 15. Kh1 $14) 15... Qb8 (15... e5 $1 $11 {keeps the balance.}) 16. Ne2 b5 (16... e5 $14) 17. Ne3 Qa7 18. Bh4 ({Better is} 18. axb5 $16 c5 19. Nc2) 18... Nh5 (18... e5 $14) 19. Bf2 Qb8 20. Ng3 (20. Nc2 $18 {is more deadly.}) 20... Nxg3 21. hxg3 (21. Bxg3 $16 Qb6 22. Bf1) 21... Red8 (21... e5 $14) 22. Nc2 bxa4 23. Qxa4 Nb6 24. Qb3 (24. Qa2 $16) 24... Qd6 ({Black should try} 24... Bd6 $14) 25. Nxb4 axb4 26. Rc5 Nd7 27. Rc4 Rb8 28. Rdc1 c5 29. dxc5 (29. Bf1 $18) 29... Qxd3 $4 {[%mdl 8192]} (29... Nxc5 $16 30. Bxc5 (30. Rxc5 Qxd3 31. Qxd3 Rxd3 $14) 30... Qxd3 31. Qxd3 Rxd3) 30. Qxd3 $18 Ne5 31. Qe2 Nxc4 32. Qxc4 Rd2 33. c6 h5 34. c7 Rc8 35. Qa6 Rf8 36. c8=Q {White wants to mate with Qxf8+.} Rxb2 37. Bc5 Rxc8 38. Qxc8+ Kh7 39. Qb7 (39. Qf8 $142 Rd2 40. Bxb4 Rd7 41. Rc8 Bxe4 42. Bc3 f6 43. Qh8+ Kg6 44. Qe8+ $1 {[%mdl 576] Double Attack} Rf7 45. fxe4) 39... b3 40. Qb4 Kg8 41. Qc3 Ra2 {[#]} 42. Qxb3 (42. Bf8 $142 $1 f6 (42... Kxf8 43. Qc8+) 43. Qxb3 {[%mdl 64] Double Attack} Ra7 44. Qb8 Ra4 45. Rc7 Ra1+ 46. Kh2 Bf7 47. Ba3+ Kh7 48. Rxf7) 42... Re2 43. Rc2 {White mates.} Re1+ 44. Kf2 Rh1 45. Qb2 h4 46. gxh4 Rxh4 47. Be3 Rh2 48. Bg5 Rh5 49. f4 Kh7 50. g4 f6 51. gxh5 fxg5 52. hxg6+ Kxg6 53. fxg5 {[%mdl 64] Overworked Piece} Kxg5 54. Qxg7+ Kf4 55. Qf6+ Kxe4 56. Re2+ Kd3 57. Qxe6 Kd4 58. Qe4+ {Accuracy: White = 43%, Black = 19%.} 1-0

[Event "Stay Safe Play From Home 165"]
[Site "T#646231Emanuel Laske"]
[Date "2020.05.21"]
[Round "2"]
[White "Alin1001"]
[Black "Dukic"]
[Result "1-0"]
[WhiteElo "2001"]
[BlackElo "1865"]
[Annotator "NA"]
[PlyCount "61"]
[EventDate "2020.05.21"]
[EventType "swiss (blitz)"]

1. e4 {[%emt 0:00:02]} c6 {[%emt 0:00:01]} 2. d3 {[%emt 0:00:02]} d6 {[%emt 0:00:01]} 3. f4 {[%emt 0:00:03]} Nd7 {[%emt 0:00:01]} 4. Nf3 {[%emt 0:00:03]} e5 {[%emt 0:00:01]} 5. Nc3 {[%emt 0:00:05]} Qb6 {[%emt 0:00:06]} 6. Na4 {[%emt 0:00:09]} Qa5+ {[%emt 0:00:03]} 7. Nc3 {[%emt 0:00:01]} b5 {[%emt 0:00:08]} 8. Be3 {[%emt 0:00:04]} Ngf6 {[%emt 0:00:03]} 9. Be2 {[%emt 0:00:02]} Ng4 {[%emt 0:00:03]} 10. Bg1 {[%emt 0:00:03]} b4 {[%emt 0:00:03]} 11. Nb1 {[%emt 0:00:03]} exf4 {[%emt 0:00:03]} 12. Nbd2 {[%emt 0:00:05]} d5 {[%emt 0:00:06]} 13. h3 {[%emt 0:00:11]} Ne3 {[%emt 0:00:02]} 14. Bxe3 {[%emt 0:00:01]} fxe3 {[%emt 0:00:01]} 15. Nb3 {[%emt 0:00:01]} Qb6 {[%emt 0:00:04]} 16. O-O {[%emt 0:00:02]} a5 {[%emt 0:00:07]} 17. a4 {[%emt 0:00:03]} Be7 {[%emt 0:00:18]} 18. exd5 {[%emt 0:00:06]} cxd5 {[%emt 0:00:02]} 19. d4 {[%emt 0:00:01]} O-O {[%emt 0:00:06]} 20. Qd3 {[%emt 0:00:01]} Bd6 {[%emt 0:00:16]} 21. Qxe3 {[%emt 0:00:03]} Nf6 {[%emt 0:00:01]} 22. Qg5 {[%emt 0:00:06]} h6 {[%emt 0:00:04]} 23. Qh4 {[%emt 0:00:03]} Ne4 {[%emt 0:00:07]} 24. Bd3 {[%emt 0:00:07]} Bg3 {[%emt 0:00:19]} 25. Qe7 {[%emt 0:00:10]} Be6 {[%emt 0:00:11]} 26. Bxe4 {[%emt 0:00:17]} dxe4 {[%emt 0:00:02]} 27. Nfd2 {[%emt 0:00:03]} Rfe8 {[%emt 0:00:14]} 28. Qc5 {[%emt 0:00:02]} Qd8 {[%emt 0:00:13]} 29. d5 {[%emt 0:00:13]} Bd7 {[%emt 0:00:05]} 30. Qd4 {[%emt 0:00:10]} f5 {[%emt 0:00:04]} 31. Nc4 {[%emt 0:00:04] Zeit (Lag: Av=0.42s, max=0.6s)} 1-0

[Event "Stay Safe Play From Home 165"]
[Site "T#646231Emanuel Laske"]
[Date "2020.05.21"]
[Round "2"]
[White "Haris kollari 13"]
[Black "Aktürk"]
[Result "1-0"]
[WhiteElo "1992"]
[BlackElo "1463"]
[Annotator "NA"]
[PlyCount "85"]
[EventDate "2020.05.21"]
[EventType "swiss (blitz)"]

1. e4 {[%emt 0:00:01]} e6 {[%emt 0:00:01]} 2. f4 {[%emt 0:00:01]} Qf6 {[%emt 0:00:02]} 3. d4 {[%emt 0:00:04]} Nc6 {[%emt 0:00:03]} 4. Nf3 {[%emt 0:00:02]} h6 {[%emt 0:00:02]} 5. c3 {[%emt 0:00:01]} b6 {[%emt 0:00:03]} 6. Bd3 {[%emt 0:00:01]} Qg6 {[%emt 0:00:04]} 7. O-O {[%emt 0:00:02]} Qf6 {[%emt 0:00:06]} 8. e5 {[%emt 0:00:02]} Qe7 {[%emt 0:00:01]} 9. Be3 {[%emt 0:00:01]} Bb7 {[%emt 0:00:05]} 10. Nbd2 {[%emt 0:00:01]} Nd8 {[%emt 0:00:01]} 11. Be4 {[%emt 0:00:07]} Bxe4 {[%emt 0:00:03]} 12. Nxe4 {[%emt 0:00:01]} f5 {[%emt 0:00:10]} 13. Ng3 {[%emt 0:00:04]} g6 {[%emt 0:00:08]} 14. a3 {[%emt 0:00:03]} Nc6 {[%emt 0:00:02]} 15. Rc1 {[%emt 0:00:02]} Na5 {[%emt 0:00:01]} 16. c4 {[%emt 0:00:05]} Bg7 {[%emt 0:00:09]} 17. b4 {[%emt 0:00:02]} Nc6 {[%emt 0:00:04]} 18. d5 {[%emt 0:00:02]} exd5 {[%emt 0:00:09]} 19. Qxd5 {[%emt 0:00:02]} Rd8 {[%emt 0:00:12]} 20. Rfd1 {[%emt 0:00:03]} Nb8 {[%emt 0:00:06]} 21. c5 {[%emt 0:00:01]} c6 {[%emt 0:00:02]} 22. Qd6 {[%emt 0:00:11]} bxc5 {[%emt 0:00:09]} 23. Bxc5 {[%emt 0:00:03]} Qxd6 {[%emt 0:00:11]} 24. Rxd6 {[%emt 0:00:03]} Bf8 {[%emt 0:00:05]} 25. Rxg6 {[%emt 0:00:05]} Bxc5+ {[%emt 0:00:02]} 26. bxc5 {[%emt 0:00:04]} Ne7 {[%emt 0:00:01]} 27. Rf6 {[%emt 0:00:01]} Nd5 {[%emt 0:00:03]} 28. Rxf5 {[%emt 0:00:02]} Rf8 {[%emt 0:00:05]} 29. Rxf8+ {[%emt 0:00:02]} Kxf8 {[%emt 0:00:02]} 30. f5 {[%emt 0:00:01]} Na6 {[%emt 0:00:05]} 31. Nd4 {[%emt 0:00:03]} Nac7 {[%emt 0:00:03]} 32. Re1 {[%emt 0:00:05]} Re8 {[%emt 0:00:04]} 33. e6 {[%emt 0:00:03]} dxe6 {[%emt 0:00:04]} 34. fxe6 {[%emt 0:00:01]} Nf4 {[%emt 0:00:06]} 35. Nxc6 {[%emt 0:00:04]} Ncxe6 {[%emt 0:00:10]} 36. Re5 {[%emt 0:00:13]} Nd3 {[%emt 0:00:04]} 37. Rf5+ {[%emt 0:00:04]} Kg7 {[%emt 0:00:02]} 38. Ne4 {[%emt 0:00:01]} Nexc5 {[%emt 0:00:02]} 39. Nxc5 {[%emt 0:00:04]} Nxc5 {[%emt 0:00:02]} 40. Rxc5 {[%emt 0:00:01]} Re1+ {[%emt 0:00:00]} 41. Kf2 {[%emt 0:00:01]} Re6 {[%emt 0:00:01]} 42. Nxa7 {[%emt 0:00:02]} Ra6 {[%emt 0:00:01]} 43. Nb5 {[%emt 0:00:01] Zaman (Lag: Av=0.34s, max=0.5s)} 1-0

[Event "Stay Safe Play From Home 165"]
[Site "T#646231Emanuel Laske"]
[Date "2020.05.21"]
[Round "2"]
[White "Matanant"]
[Black "Shahildey"]
[Result "0-1"]
[WhiteElo "1810"]
[BlackElo "2104"]
[Annotator "TA"]
[PlyCount "88"]
[EventDate "2020.05.21"]
[EventType "swiss (blitz)"]

{[%evp 9,88,-7,18,15,18,21,41,21,32,39,38,6,20,10,26,10,42,27,71,2,0,-35,303,303,275,29,29,29,19,18,40,0,11,10,11,0,1,1,3,8,6,-17,-19,-41,-34,-31,-31,-135,-132,-129,-123,-146,-144,-159,-60,-65,-65,-60,-60,-75,-67,-64,-58,-303,-51,-293,-138,-225,-235,-770,-712,-1013,-938,-4814,-3222,-29987,-29988,-29988,-29989,-29989,-29990]} 1. b3 e5 2. Bb2 Nc6 3. e3 Nf6 4. Bb5 Bd6 5. Na3 Qe7 6. Nc4 {A01: Nimzowitsch-Larsen Opening.} a6 7. Nxd6+ Qxd6 8. Be2 {White is slightly better.} O-O 9. Nf3 Qe7 {[#]} 10. d3 $146 ({Predecessor:} 10. d4 d6 11. O-O Bf5 12. c4 Rad8 13. d5 Nb8 14. b4 c6 15. Qb3 cxd5 16. cxd5 Rc8 17. Rac1 Be4 18. Rfd1 {1-0 (18) Anurag,M (2390)-Hojjatova,A (2288) Al Ain 2015}) 10... d5 11. O-O Bf5 12. Nh4 Be6 13. f4 exf4 14. exf4 (14. Rxf4 $16 d4 15. Bf3 (15. exd4 Nd5 $11)) 14... Rfe8 15. f5 Bxf5 $2 {[%mdl 8192]} (15... Bd7 $15 {keeps the upper hand.} 16. Bf3 Ne5) 16. Nxf5 $18 Qxe2 {[#]} 17. Qxe2 $2 (17. Qc1 $1 $18 {[%cal Rc1g5]} Nh5 18. Qg5) 17... Rxe2 $11 {[#]} 18. Nxg7 $1 {[%mdl 512]} Kxg7 19. Bxf6+ Kg6 20. c4 dxc4 21. dxc4 Rae8 22. Rf3 R2e3 {Hoping for ...Rxf3.} 23. Raf1 Rxf3 24. Rxf3 {[%mdl 4096] Endgame KRB-KRN} Re2 25. Kf1 Rxa2 26. Bc3 Rc2 27. Rf6+ Kg7 28. Rxc6+ (28. Rf3+ $15 Kf8 29. Rh3) 28... Rxc3 $17 29. Rxc7 Rxb3 $15 {KR-KR} 30. c5 a5 31. c6 b5 (31... bxc6 $17 {...a4 is the strong threat.} 32. Rxc6 a4) 32. Ra7 a4 {[%cal Ba5a4,Ba4a3][%mdl 32]} 33. c7 Rc3 34. Ke2 a3 35. Kd2 b4 36. g4 $2 (36. Rxa3 $15 Rxc7 37. Ra2) 36... Kg6 $2 ({Black should try} 36... Rc5 $19 37. g5 Kg6) 37. h4 $2 ({White has to play} 37. Rxa3 $1 $15 Rxc7 38. Ra6+ Kg5 39. Rb6) 37... Rc4 (37... Rc5 $19 38. Kd3 f6) 38. Ra6+ (38. Rb7 $17) 38... Kg7 {Strongly threatening ...h5.} 39. g5 $2 (39. Ra7) 39... Rxc7 $19 40. Ra4 Rc4 41. Kd3 Rxh4 42. Kc2 {[#]} b3+ $1 {[%mdl 64] Discovered Attack, Promotion. Black mates.} 43. Kxb3 Rxa4 {[%mdl 64] Overworked Piece} 44. Kxa4 a2 {Quite a comeback for Black. Accuracy: White = 40%, Black = 66%.} 0-1

[Event "Stay Safe Play From Home 165"]
[Site "T#646231Emanuel Laske"]
[Date "2020.05.21"]
[Round "2"]
[White "Lucknow"]
[Black "Lazieri3"]
[Result "0-1"]
[WhiteElo "1724"]
[BlackElo "2054"]
[Annotator "TA"]
[PlyCount "91"]
[EventDate "2020.05.21"]
[EventType "swiss (blitz)"]

{[%evp 12,91,14,14,26,26,26,23,24,27,21,22,28,8,16,14,15,12,43,41,50,36,54,42,79,75,89,32,118,112,102,19,56,0,104,12,25,10,14,19,19,-12,40,0,145,129,114,0,60,51,51,51,47,25,25,8,21,15,15,15,21,15,17,10,12,12,8,6,47,0,34,34,34,34,34,-75,120,0,0,0,0,-121]} 1. d4 c6 2. c4 d5 3. Nf3 Nf6 4. Nc3 Bf5 5. e3 e6 6. Bd3 Bxd3 7. Qxd3 h6 {D12: Slav Defence: 3 Nf3 Nf6 4 e3 Bf5.} 8. O-O Bd6 9. e4 dxe4 {White has an edge.} 10. Nxe4 Nxe4 11. Qxe4 Nd7 12. Bf4 Nf6 13. Qe3 {[#]} O-O $146 ({Predecessor:} 13... Bxf4 14. Qxf4 O-O 15. Rfd1 Qb6 16. Rd2 Rad8 17. h3 Qb4 18. b3 Rd6 19. Ne5 Rfd8 {½-½ (71) Ilascu C,I (2081)-Afloarei,J (1758) ICCF email 2014}) 14. Be5 Bxe5 15. dxe5 Nd7 16. Rad1 Qc7 17. Rd6 $36 {[%mdl 2048] White has some pressure.} Rad8 18. Rfd1 {[#] Hoping for Qd2.} Nb6 19. b3 (19. Qd3 $16 {[%cal Rd6d8]} Rb8 20. b3) 19... c5 (19... Nc8 $14 20. R6d3 c5) 20. Qd2 {[%cal Rd6d8]} Rxd6 21. Qxd6 ({White should play} 21. exd6 $16 Qb8 22. Ne5) 21... Rc8 22. Kf1 (22. Qd3 $14) 22... g6 (22... Qxd6 $11 {remains equal.} 23. exd6 Rd8) 23. Ke2 (23. Qd2 $16) 23... Qxd6 $11 24. Rxd6 {[%mdl 4096] Endgame KRN-KRN} Kf8 $1 25. Nd2 Ke7 26. Ne4 Rc7 (26... Nd7 $11) 27. Nf6 Rc8 (27... Nd7 $1 $11 28. Rxd7+ Rxd7) 28. a4 {And now a5 would win.} Rd8 29. a5 ({Only move:} 29. Rxd8 $16 Kxd8 30. Ne4) 29... Nc8 (29... Nd7 $11) 30. Rxd8 Kxd8 $14 {KN-KN} 31. Ne4 b6 32. axb6 axb6 33. Kd3 Ke7 34. Nc3 Na7 35. Na4 Nc8 $1 36. Ke4 Kd7 37. f4 Kc6 38. Nc3 Na7 39. g4 b5 40. f5 gxf5+ 41. gxf5 bxc4 42. bxc4 Nc8 43. Kf4 {[#]} (43. Nd1 $14 {stays ahead.}) 43... exf5 $2 (43... Nb6 $1 $17 {keeps the pressure on.}) 44. Kxf5 ({Better is} 44. Nd5 $16) 44... Nb6 $11 45. Ne4 {Threatens to win with Nd6.} Nxc4 46. Nf6 {Accuracy: White = 64%, Black = 64%.} (46. Kf6 $11) 0-1